It looks like you're offline.
Open Library logo
additional options menu

MARC record from Internet Archive

LEADER: 00856cam a22002774a 45 0
001 317316
005 20040607141317.0
008 030606s2003 nyua 001 0 eng
010 $a 2003054944
035 $a52418094
040 $aDLC$cDLC$dXIM
020 $a1591840082
042 $apcc
043 $an-us---
050 00 $aHD9502.U54$bE5763 2003
049 $aXIMM
100 1 $aMcLean, Bethany.
245 14 $aThe smartest guys in the room :$bthe amazing rise and scandalous fall of Enron /$cBethany McLean and Peter Elkind.
260 $aNew York :$bPortfolio,$c2003.
300 $axxv, 435 p. :$bill. ;$c25 cm.
500 $aIncludes index.
610 20 $aEnron Corp.$xHistory.
650 0 $aEnergy industries$xCorrupt practices$zUnited States.
650 0 $aBusiness failures$zUnited States$vCase studies.
700 1 $aElkind, Peter.
994 $aC0$bXIM